Desarrollo y aplicación de normas de gobierno corporativo en el mercado de capitales argentinos (Registro nro. 28180)
[ vista simple ]
| 000 -LEADER | |
|---|---|
| fixed length control field | 00368 a2200109 4500 |
| 001 - CONTROL NUMBER | |
| control field | ART_33047 |
| 005 - DATE AND TIME OF LATEST TRANSACTION | |
| control field | 20260410161926.0 |
| 008 - FIXED-LENGTH DATA ELEMENTS--GENERAL INFORMATION | |
| fixed length control field | 260409a |
| 100 1# - MAIN ENTRY--PERSONAL NAME | |
| Personal name | Piazza, Melina Soledad |
| 245 10 - TITLE STATEMENT | |
| Title | Desarrollo y aplicación de normas de gobierno corporativo en el mercado de capitales argentinos |
| 773 0# - HOST ITEM ENTRY | |
| Title | Lecturas |
| Related parts | - Nº 14 (ene. 2010) |
| Record control number | REV19328 |
No hay ítems disponibles.